| 000 | 00784nam a2200265 4500 | ||
|---|---|---|---|
| 003 | OSt | ||
| 005 | 20260601193856.0 | ||
| 008 | 260508b1973 |||||||| |||| 00| 0 eng d | ||
| 020 | _a0237445123 | ||
| 040 |
_aICI _bspa _cICI |
||
| 050 |
_aLB1027.5 _bS43 1971 |
||
| 100 | 1 |
_aAlyward, Bernard _d1973 _933145 |
|
| 245 | 1 | _aDesign Education in Schools | |
| 260 |
_aLondon : _bEvans , _c1973 |
||
| 264 |
_aEvans Brothers London _b1973 _cLondres |
||
| 300 |
_a176 páginas _bil. ; _c22 cm |
||
| 336 |
_atexto _2rdacontent |
||
| 337 |
_asin medio _2rdamedia |
||
| 338 |
_avolumen _2rdacarrier |
||
| 500 | _aIncluye índice | ||
| 650 |
_aEducación en diseño _933146 |
||
| 650 |
_aEnseñanza del diseño _933147 |
||
| 650 |
_aDiseño industrial _xEstudio y enseñanza |
||
| 942 |
_2lcc _cB _n1 |
||
| 999 |
_c22070 _d22070 |
||